TH-SOF-1659-Electrical and Optical Studies of Lithium and Cobalt co-doped ZnO Thin Films Fabricated by Pulsed Laser Deposition (Record no. 577054)

000 -LEADER
fixed length control field 00425nam a22001217a 4500
082 ## - DEWEY DECIMAL CLASSIFICATION NUMBER
Classification number 200 THE
100 ## - MAIN ENTRY--PERSONAL NAME
Personal name Sidra Iqbal
9 (RLIN) 69992
245 ## - TITLE STATEMENT
Title TH-SOF-1659-Electrical and Optical Studies of Lithium and Cobalt co-doped ZnO Thin Films Fabricated by Pulsed Laser Deposition
260 ## - PUBLICATION, DISTRIBUTION, ETC.
Place of publication, distribution, etc. ISLAMABAD
Name of publisher, distributor, etc. NUST COLLEGE OF EME
Date of publication, distribution, etc. 2019
650 ## - SUBJECT ADDED ENTRY--TOPICAL TERM
Topical term or geographic name entry element MS-ELECT-2016 MSTHESIS
700 ## - ADDED ENTRY--PERSONAL NAME
Personal name Supervisor Dr. Saif Ullah Awan
9 (RLIN) 69699
942 ## - ADDED ENTRY ELEMENTS (KOHA)
Koha item type Computer Files
Holdings
Withdrawn status Lost status Damaged status Not for loan Permanent Location Current Location Shelving location Date acquired Total Checkouts Full call number Barcode Date last seen Price effective from Koha item type
        College of Electrical & Mechanical Engineering (CEME) College of Electrical & Mechanical Engineering (CEME) Reference 11/14/2019   200 THE TH-SOF-1659 06/28/2021 06/28/2021 Computer Files
© 2023 Central Library, National University of Sciences and Technology. All Rights Reserved.